Oro y dioses del Perú

Gespeichert in:
Bibliographische Detailangaben
1. Verfasser: Baumann, Hans (VerfasserIn)
Format: Buch
Sprache:Spanisch
Veröffentlicht: Barcelona Juventud 1966
Schlagworte:
Tags: Tag hinzufügen
Keine Tags, Fügen Sie den ersten Tag hinzu!

MARC

LEADER 00000nam a2200000 a 4500
001 UCV9704
003 CL-VaPUC
008 930407e19660000SP |||||||||||||||||spa|d
082 0 4 |a 985.019  |b BAU  |2 21 
100 0 |a Baumann, Hans  |e author  |9 303725 
245 1 0 |a Oro y dioses del Perú 
300 |a 202 p 
942 |c BK 
945 |d 19930407 00:00:00 
260 |a Barcelona  |b Juventud  |c 1966 
650 7 |a INCAS  |2 CL-VaPUC  |9 256565 
650 0 |a Historia  |9 255047 
651 0 |a Perú  |9 256567 
583 |a last modification  |c 19930407 00:00:00  |k Rodrigo Vera 
999 |c 215004  |d 215002 
952 |0 0  |1 0  |4 0  |6 985_019000000000000_BAU_1966  |7 0  |8 P  |9 198884  |a BIBARQ  |b BIBARQ  |d 2019-11-14  |i 2662574  |o 985.019 BAU 1966  |p 2662574  |r 2025-01-20  |w 2019-11-14  |y BK  |k ARQ